Online Catalogue and eLibrary

The case for socalism (Record no. 4554)

MARC details
000 -LEADER
fixed length control field 00485nam a2200169Ia 4500
005 - DATE AND TIME OF LATEST TRANSACTION
control field 20240528010027.0
008 - FIXED-LENGTH DATA ELEMENTS--GENERAL INFORMATION
fixed length control field 240331s9999 xx 000 0 und d
020 ## - INTERNATIONAL STANDARD BOOK NUMBER
ISBN 955915005
082 ## - DDC Classification
Item Number - Author Mark SOC
Class No. 335.43
245 #4 - TITLE STATEMENT
Title The case for socalism
Remainder of title Diverse Arguments from Across the Globe
260 ## - PUBLICATION, DISTRIBUTION, ETC.
Place of publication, distribution, etc. Sri Lanka
Name of publisher, distributor, etc. Young Socialist Publications
Date of publication, distribution, etc. 2004
300 ## - PHYSICAL DESCRIPTION
Extent (e.g. Volumes, Pages etc.) xiii, 498 p .,
650 ## - SUBJECT ADDED ENTRY--TOPICAL TERM
Topical term or geographic name entry element Socialism
700 ## - ADDED ENTRY--PERSONAL NAME
Personal name Muthiah. S. Wesley
Relator term (Role) Editor
700 ## - ADDED ENTRY--PERSONAL NAME
Personal name Wanasinghe, Sydney
Relator term (Role) Editor
942 ## - Koha item type (Biblio)
Koha item type Books in Stacks (Lending)
Holdings
Lost status Damaged status Collection code Home library Current library Shelving location Date acquired Full call number Accession Number Item type
    Lending WERC Library WERC Library Social Science Cupboard 03/31/2024 335.43 SOC 6049 Books in Stacks (Lending)

© WERC Library